| 000 | 00490nam a2200181Ia 4500 | ||
|---|---|---|---|
| 001 | 16440 | ||
| 005 | 20260306170309.0 | ||
| 008 | 260306t2021||||xx |||||||||||||| ||und|| | ||
| 041 | _aESP | ||
| 082 |
_a348.6 _bC75 |
||
| 100 |
_aColoma Cieza, Evelin _eAUT |
||
| 245 | 0 |
_aLa contratación de trabajadores extranjeros: _baspectos laborales, migratorios y tributarios |
|
| 260 | _c2021 | ||
| 300 |
_a366 pƔginas : _c25 cm. |
||
| 650 | _aGEN | ||
| 654 | _aCDE | ||
| 942 |
_cLIB _dJUS _fJUS _2ddc _n |
||
| 999 |
_c16440 _d16440 |
||